=LDR 00000nam 2200000 4500 =001 INLIS000000000016751 =005 20130612112012 =008 ***********************************Ind** =035 ##$$0010-061300000016751 =041 ##$$a Ind =082 ##$$a F Rom D =090 ##$$a F Rom D, Gon k =100 ##$$a Gong, Gola =245 ##$$a Kupu-kupu pelangi 2, Gola Gong =260 ##$$a 2003 $b Bandung =300 ##$$a 129 hlm, 17 cm =650 ##$$a Fiksi Dewasa-Indonesia =850 ##$$a NBPNMAT